[Event "Challenge"]
[Site "http://www.queenalice.com/game.php?id=198848"]
[Date "2007.4.18"]
[Round "-"]
[White "VANITA"]
[Black "Storm"]
[Result "1-0"]
[WhiteElo "1339"]
[BlackElo "1093"]

1. d4 d5 2. Nc3 Nf6 3. e3 g6 4. Bb5+ Nc6 5. Nh3 Bxh3 6. gxh3 Ne4 7. Rg1 Bg7 8.
Nxe4 dxe4 9. Qg4 O-O 10. Bd2 Qd5 11. O-O-O Qxb5 12. Qxe4 1-0

[Event "Challenge"]
[Site "http://www.queenalice.com/game.php?id=199276"]
[Date "2007.4.19"]
[Round "-"]
[White "VANITA"]
[Black "alvishope1"]
[Result "0-1"]
[WhiteElo "1356"]
[BlackElo "1590"]

1. Nf3 c5 2. c4 g6 3. Na3 Bg7 4. e4 Nc6 5. Bd3 d6 6. O-O Nh6 7. e5 Nxe5 8. Ng5
Bg4 9. f3 Bd7 10. Re1 Nxd3 11. Qe2 Nxc1 12. Raxc1 Bxb2 13. Rb1 Bxa3 14. d3 Bb4
15. Rf1 Bc3 16. Qc2 Bg7 17. Rxb7 Bc6 18. Rb3 Nf5 19. Re1 O-O 20. d4 Nxd4 21. Qc3
Ne2+ 22. Rxe2 Bxc3 23. Rxc3 Qa5 24. Rd3 h6 25. Nh3 Rfe8 26. Rb3 e5 27. g4 Rab8
28. g5 Rxb3 29. axb3 Qa1+ 30. Kf2 h5 31. Rd2 Bxf3 32. Kxf3 Qc3+ 33. Ke2 Qxh3 34.
Ke1 Qxb3 35. h4 a5 36. Rxd6 a4 37. Rd1 a3 38. Rd2 a2 39. Kf2 a1=Q 40. Re2 e4 41.
Rxe4 Qab2+ 42. Re2 Qxe2+ 43. Kg1 Qbd1# 0-1

[Event "AUTO-BEG-93"]
[Site "http://www.queenalice.com/game.php?id=200398"]
[Date "2007.4.21"]
[Round "1"]
[White "ronmos14"]
[Black "VANITA"]
[Result "1-0"]
[WhiteElo "1260"]
[BlackElo "1379"]

1. e4 Nf6 2. Nc3 e5 3. g4 Bc5 4. h4 O-O 5. g5 Ng4 6. Qxg4 g6 7. d3 d6 8. Qf3 Nc6
9. Nge2 Re8 10. h5 Nd4 11. Nxd4 exd4 12. Nd5 c6 13. Nf6+ Kg7 14. Nxe8+ Qxe8 15.
Bf4 b5 16. b3 Bb4+ 17. Kd1 Bc3 18. Rb1 d5 19. e5 a5 20. Bh3 f5 21. hxg6 hxg6 22.
Bg2 a4 23. Qh3 Ra7 24. Qh7+ Kf8 25. Qxa7 Bb4 26. Rh8# 1-0

[Event "AUTO-BEG-93"]
[Site "http://www.queenalice.com/game.php?id=200399"]
[Date "2007.4.21"]
[Round "1"]
[White "VANITA"]
[Black "ronmos14"]
[Result "0-1"]
[WhiteElo "1309"]
[BlackElo "1339"]

1. d4 d5 2. c3 h6 3. e3 g5 4. Bb5+ c6 5. Ba4 Nf6 6. Nh3 g4 7. Nf4 a6 8. O-O e6
9. g3 h5 10. Nd2 b5 11. Bb3 Bd7 12. a4 Qa5 13. f3 Be7 14. fxg4 Nxg4 15. Nxh5
Rxh5 16. Qxg4 Rg5 17. Qf4 Rf5 18. Qh6 Rxf1+ 19. Kxf1 c5 20. Qh8+ Bf8 21. Nf3 c4
22. Bc2 bxa4 23. Ne5 Qb5 24. b4 Nc6 25. Nxd7 Kxd7 26. Qh7 Ke7 27. Qh8 a5 28. e4
axb4 29. cxb4 Nxb4 30. Bg5+ Kd7 31. Bd1 dxe4 32. Bf6 c3+ 33. Be2 Nd3 34. Qh4
Qf5+ 35. Kg2 Ne1+ 36. Rxe1 a3 37. g4 Qf4 38. Bb5+ Kc7 39. Rf1 Qd2+ 40. Kg1 c2
41. Qe1 Bb4 42. Ba4 Rxa4 43. Be5+ Kc6 44. Qxe4+ Kb6 45. Bf4 Qc3 46. Rf3 Qa1+ 47.
Rf1 Qb2 48. Bc1 Qb3 49. Rf3 Bc3 50. Be3 a2 51. d5+ Kb5 52. Qd3+ Kb4 53. Rf4+ Ka3
54. Bc5+ Kb2 55. Rf1 Rxg4+ 56. Kf2 Rf4+ 57. Kg3 Rxf1 58. Qxf1 a1=Q 59. Qf2 Be5+
60. Kg2 exd5 61. Qe3 c1=Q 62. Qxc1+ Qxc1 63. h4 Qxc5 64. h5 Qg3+ 65. Kf1 Qcf2#
0-1

[Event "AUTO-BEG-93"]
[Site "http://www.queenalice.com/game.php?id=200416"]
[Date "2007.4.21"]
[Round "1"]
[White "VANITA"]
[Black "chtoma"]
[Result "1-0"]
[WhiteElo "1349"]
[BlackElo "992"]

1. d4 d5 2. Nc3 Nf6 3. Nh3 e6 4. Ng5 Ng4 5. Nxf7 Kxf7 6. f3 Be7 7. fxg4 Bh4+ 8.
g3 Bf6 9. e4 Bxd4 10. Qxd4 Nc6 11. Qf2+ Ke8 12. Bb5 Bd7 13. Rf1 Ne5 14. Bxd7+
Qxd7 15. Qf4 Nc6 16. g5 Nd4 17. Kd1 Qc6 18. Qf7+ Kd8 19. Qxg7 Qe8 20. Be3 Rg8
21. Qxd4 Qh5+ 22. Kd2 Qxh2+ 23. Rf2 Kd7 24. Nxd5 Rgf8 25. Rxh2 c6 26. Nb6+ Ke7
27. Nxa8 Rxa8 28. Qg7+ Kd6 29. Bf4+ e5 30. Qf6+ Kd7 31. Qxe5 Kd8 32. Rxh7 Rc8
33. Qf6+ Ke8 34. Rh8+ Kd7 35. Rh7+ Ke8 36. Qh8# 1-0

[Event "AUTO-BEG-93"]
[Site "http://www.queenalice.com/game.php?id=200417"]
[Date "2007.4.21"]
[Round "1"]
[White "chtoma"]
[Black "VANITA"]
[Result "0-1"]
[WhiteElo "1060"]
[BlackElo "1375"]

1. e4 Nf6 2. Nc3 Na6 3. d4 Nh5 4. Nb5 b6 5. Nh3 Nf4 6. Nxf4 Bb7 7. Nd5 c6 8.
Ndc7+ Nxc7 9. Na3 e6 10. Bf4 Bb4+ 11. c3 Be7 12. Qa4 O-O 13. Nb5 cxb5 14. Bxb5
Nxb5 15. Qxb5 Bxe4 16. Rg1 Rc8 17. c4 Bc6 18. Qh5 Bb4+ 19. Kf1 Be4 20. Re1 Bd3+
21. Re2 Rxc4 22. b3 Rxd4 23. Be5 Rd5 24. Qg5 Qxg5 25. g4 Rc5 26. Bd6 Rc1+ 27.
Kg2 Qxg4+ 28. Bg3 Qxe2 29. Rxc1 Be4+ 30. Kh3 Qxa2 31. Rc4 Bf5+ 32. Kg2 Qxb3 33.
Rc7 Be4+ 34. Kh3 Bf5+ 35. Kh4 h6 36. Rxd7 Qc4+ 37. f4 g5+ 38. Kh5 Qf1 39. Rxa7
Bg6+ 40. Kg4 Qe2+ 41. Kh3 f5 42. Ra4 g4+ 43. Kh4 Be7# 0-1

[Event "Challenge"]
[Site "http://www.queenalice.com/game.php?id=201331"]
[Date "2007.4.23"]
[Round "-"]
[White "VANITA"]
[Black "hugo10"]
[Result "0-1"]
[WhiteElo "1349"]
[BlackElo "1499"]

1. d4 Nf6 2. Nc3 e6 3. Nf3 c5 4. dxc5 d5 5. cxd6 Bxd6 6. e3 a6 7. Bd3 e5 8. O-O
b5 9. e4 h6 10. b3 g5 11. a4 b4 12. Nd5 Nxd5 13. exd5 Bc5 14. Nxe5 Qxd5 15. Re1
Bb7 16. Be4 Qxd1 17. Rxd1 Bxe4 18. h3 h5 19. Bxg5 Nc6 20. Re1 Bd4 21. Nxc6 Bxa1
22. Rxa1 Bxc6 23. Re1+ Kf8 24. Re5 Rg8 25. Bh6+ Rg7 26. Rxh5 f6 27. Bd2 Rxg2+
28. Kf1 Kf7 29. Rh7+ Kg6 30. Re7 Rd8 31. Bxb4 Rd1+ 32. Ke2 Ra1 33. Re6 Kf5 34.
Bc3 Bf3+ 35. Kxf3 Rag1 36. Rxf6+ Kg5 37. Bd2+ Kxf6 38. c4 Rg5 39. h4 R5g4 40.
Ke2 Rxh4 41. Bc3+ Ke6 42. c5 Kd5 43. b4 Rc1 44. Bb2 Rc2+ 45. Kd1 Rxb2 46. Kc1
Rxf2 47. b5 Rh1# 0-1

[Event "Challenge"]
[Site "http://www.queenalice.com/game.php?id=201757"]
[Date "2007.4.24"]
[Round "-"]
[White "VANITA"]
[Black "MichelTA"]
[Result "0-1"]
[WhiteElo "1338"]
[BlackElo "1356"]

1. Nf3 Nc6 2. e4 Nf6 3. Nc3 g6 4. Nb5 Nb4 5. a3 c6 6. c3 Nxe4 7. axb4 cxb5 8.
Bd3 d5 9. Bxb5+ Bd7 10. Bd3 Bh6 11. O-O Rc8 12. Rxa7 Qb6 13. Ra3 Rc6 14. Ne5
Nxf2 15. Qc2 Nxd3+ 16. Kh1 Nxe5 17. Ra8+ Rc8 18. Ra3 Ng4 19. h3 Bf5 20. Qd1 Nf2+
21. Rxf2 Qxf2 22. d3 O-O 23. Bxh6 Qxb2 24. Ra5 Qxc3 25. Bd2 Qxd3 26. Ra7 Rc2 27.
Ra2 Rxa2 28. h4 Rxd2 29. Qg1 Rc8 30. Kh2 Rcc2 31. Qe1 Rxg2+ 32. Kh1 Qh3# 0-1

[Event "Challenge"]
[Site "http://www.queenalice.com/game.php?id=201758"]
[Date "2007.4.24"]
[Round "-"]
[White "MichelTA"]
[Black "VANITA"]
[Result "1-0"]
[WhiteElo "1371"]
[BlackElo "1323"]

1. e4 e5 2. Bc4 d6 3. Nf3 b6 4. d3 Bd7 5. Ng5 h6 6. Nxf7 Qc8 7. Nxh8 Nf6 8. Bf7+
Ke7 9. Nc3 c6 10. O-O g5 11. Qf3 Be8 12. Bc4 Bg7 13. h4 b5 14. Bb3 Bxh8 15. hxg5
hxg5 16. Bxg5 Bh5 17. Bxf6+ Kd7 18. Qxh5 Bxf6 19. Qf5+ Kc7 20. Qxf6 Nd7 21. Qf7
b4 22. Nd5+ cxd5 23. Bxd5 Rb8 24. Rac1 Qa6 25. Bc4 Qb6 26. c3 bxc3 27. Rxc3 Qd4
28. Be6+ Kb6 29. Qxd7 Ka5 30. Qc7+ Rb6 31. Qxa7+ Kb5 32. a3 Ra6 33. Bd7+ Ka5 34.
Qc7+ Rb6 35. Rb1 d5 36. Rc5+ Qxc5 37. Qxc5+ Ka6 38. Bc8+ Rb7 39. Qc6+ Ka7 40.
Qxb7# 1-0

[Event "Challenge"]
[Site "http://www.queenalice.com/game.php?id=209054"]
[Date "2007.5.10"]
[Round "-"]
[White "VANITA"]
[Black "flint"]
[Result "0-1"]
[WhiteElo "1338"]
[BlackElo "2021"]

1. d4 d5 2. e3 Bf5 3. Bb5+ c6 4. Ba4 Nf6 5. Nf3 h6 6. Ne5 Nbd7 7. Nxf7 Kxf7 8.
O-O e6 9. Na3 Bd6 10. c3 Rf8 11. b4 b5 12. Bb3 a5 13. bxa5 Rxa5 14. h3 Bxa3 15.
g4 Bg6 16. Qf3 Bxc1 17. Raxc1 Kg8 18. Qf4 Ne4 19. Qd6 Nxd6 20. Bc2 Bxc2 21. Rxc2
Rf3 22. Kg2 Qf8 23. h4 Ne4 24. c4 bxc4 25. h5 Ra3 26. Rb2 Raxe3 27. fxe3 Rxf1
28. a4 Qf3+ 29. Kh2 Qg3# 0-1

[Event "Challenge"]
[Site "http://www.queenalice.com/game.php?id=224727"]
[Date "2007.6.14"]
[Round "-"]
[White "VANITA"]
[Black "alterego"]
[Result "0-1"]
[WhiteElo "1290"]
[BlackElo "1446"]

1. d4 Nf6 2. e3 d5 3. Bb5+ c6 4. Ba4 Nbd7 5. Nf3 Ne4 6. O-O Ndf6 7. Ne5 b5 8.
Nxc6 Qb6 9. Qd3 Ba6 10. Qb3 Qxc6 11. Nd2 bxa4 12. Qb4 e6 13. Qa5 Bd6 14. Nxe4
Nxe4 15. f3 Ng5 16. f4 Bxf1 17. Kxf1 Ne4 18. b3 O-O 19. bxa4 Qxc2 20. Qe1 f5 21.
a3 Rf6 22. g3 Qxh2 23. g4 Ng3+ 24. Qxg3 Qxg3 25. gxf5 Rxf5 26. Rb1 Bxa3 27. Bxa3
Qxe3 28. Bc1 Qd3+ 29. Kf2 Qxb1 30. Bd2 Qd3 31. Be1 Rxf4+ 32. Kg2 Rg4+ 33. Kf2
Rf8# 0-1

[Event "AUTO-OPEN-712"]
[Site "http://www.queenalice.com/game.php?id=230134"]
[Date "2007.6.25"]
[Round "1"]
[White "CampbellMarcel"]
[Black "VANITA"]
[Result "0-1"]
[WhiteElo "400"]
[BlackElo "1280"]

1. e4 e5 2. Bc4 d6 3. f4 exf4 4. Nf3 Be6 5. Bxe6 fxe6 6. O-O Nf6 7. d4 Nxe4 8.
Bxf4 Nc6 9. c3 Na5 10. Nbd2 Nxd2 11. Nxd2 e5 12. dxe5 Qe7 13. exd6 cxd6 14. Re1
O-O-O 15. Rxe7 Bxe7 16. b4 Nc6 17. a4 d5 18. h3 d4 19. cxd4 Nxd4 20. Rc1+ Nc6
21. b5 Bc5+ 0-1

[Event "AUTO-OPEN-712"]
[Site "http://www.queenalice.com/game.php?id=230135"]
[Date "2007.6.25"]
[Round "1"]
[White "VANITA"]
[Black "CampbellMarcel"]
[Result "1-0"]
[WhiteElo "1282"]
[BlackElo "400"]

1. d4 e6 2. Nf3 d5 3. Nc3 Bd6 4. Bg5 f6 5. Be3 Nc6 6. Qd3 Nb4 7. Qb5+ Nc6 8.
O-O-O a6 9. Qb3 b5 10. Nh4 g5 11. Nf3 h6 12. g4 a5 13. Qxb5 Bd7 14. Qd3 Nge7 15.
Nb5 Nb4 16. Qb3 Bxb5 17. a4 Ba6 18. c3 Rb8 19. cxb4 Rxb4 20. Qc3 Rc4 21. Qxc4
1-0

[Event "AUTO-OPEN-712"]
[Site "http://www.queenalice.com/game.php?id=230154"]
[Date "2007.6.25"]
[Round "1"]
[White "HFRquakef"]
[Black "VANITA"]
[Result "1-0"]
[WhiteElo "1532"]
[BlackElo "1280"]

1. e4 e5 2. Nf3 f6 3. d4 Nc6 4. d5 Nb4 5. Bb5 a6 6. Ba4 b5 7. Bb3 Nh6 8. a3
Nxc2+ 9. Qxc2 Ng4 10. O-O d6 11. Qe2 h5 12. h3 Nh6 13. Nh4 Rh7 14. Qxh5+ Ke7 15.
Nc3 c6 16. dxc6 g5 17. Nf5+ Bxf5 18. exf5 Qb6 19. Nd5+ Kd8 20. Nxb6 Kc7 21.
Nxa8+ Kxc6 22. Qe8+ Kc5 23. Qxf8 Nxf5 24. Qc8+ Kd4 25. Qxf5 Rh4 26. Rd1+ Kc5 27.
Qc8# 1-0

[Event "AUTO-OPEN-712"]
[Site "http://www.queenalice.com/game.php?id=230155"]
[Date "2007.6.25"]
[Round "1"]
[White "VANITA"]
[Black "HFRquakef"]
[Result "0-1"]
[WhiteElo "1290"]
[BlackElo "1549"]

1. Nc3 d5 2. d4 Nf6 3. Bf4 Nc6 4. e3 Bg4 5. Qd3 e6 6. h3 Bf5 7. Qe2 Bb4 8. g4
Be4 9. Rh2 O-O 10. O-O-O Qe7 11. Nb5 a6 12. Bxc7 axb5 13. f3 Qxc7 14. fxe4 Nxe4
15. h4 Qg3 16. c3 Bd6 17. Rh3 Qxg1 18. Qxb5 Nf2 19. Be2 Nxd1 20. Bxd1 Na5 21.
Qd7 Qg2 22. Rf3 Nc4 23. Qxb7 Qd2+ 24. Kb1 Qxd1# 0-1

[Event "AUTO-OPEN-712"]
[Site "http://www.queenalice.com/game.php?id=230166"]
[Date "2007.6.25"]
[Round "1"]
[White "VANITA"]
[Black "spawnwolfwolverine"]
[Result "0-1"]
[WhiteElo "1294"]
[BlackElo "1735"]

1. Nc3 e5 2. Nf3 d6 3. e4 Bg4 4. d3 Nf6 5. h3 Bxf3 6. Qxf3 Nbd7 7. Nd5 Nxd5 8.
exd5 Be7 9. g4 O-O 10. Be3 b6 11. O-O-O c5 12. dxc6 Nc5 13. d4 exd4 14. Bxd4 Qc7
15. h4 Rac8 16. h5 Qxc6 17. Qe3 Qxh1 18. Qxe7 Nb3+ 19. axb3 Qc6 20. Ba6 Qxc2#
0-1

[Event "AUTO-OPEN-712"]
[Site "http://www.queenalice.com/game.php?id=230167"]
[Date "2007.6.25"]
[Round "1"]
[White "spawnwolfwolverine"]
[Black "VANITA"]
[Result "1-0"]
[WhiteElo "1600"]
[BlackElo "1284"]

1. d4 d5 2. e3 c6 3. b3 e6 4. Ba3 Bxa3 5. Nxa3 Qd6 6. Nb1 Nf6 7. Nf3 O-O 8. c4
Ne4 9. Bd3 b5 10. c5 Qc7 11. b4 Na6 12. a3 Nxf2 13. Kxf2 Qd8 14. Qc2 Nxb4 15.
axb4 a5 16. Rxa5 Rb8 17. Nbd2 f5 18. Ne5 Qh4+ 19. g3 Qh5 20. Nxc6 Rb7 21. Rxb5
Rc7 22. Ne5 g5 23. Ndf3 f4 24. Be2 fxg3+ 25. Kxg3 g4 26. Ng1 Ba6 27. Ra5 Bxe2
28. Qxe2 Rg7 29. e4 dxe4 30. Qxe4 Qe8 31. Nxg4 Qb8+ 32. Qe5 Qxb4 33. Ra6 Qb3+
34. Kh4 Rf5 35. Qxe6+ Qxe6 36. Rxe6 h5 37. Nh6+ Kh7 38. Nxf5 Rf7 39. Rh6+ Kg8
40. Rxh5 Rd7 41. Nf3 Rf7 42. Rg1+ Kf8 43. Rh8# 1-0

[Event "BRASIL X  ITALIA"]
[Site "http://www.queenalice.com/game.php?id=274194"]
[Date "2007.9.19"]
[Round "-"]
[White "jw16js"]
[Black "VANITA"]
[Result "0-1"]
[WhiteElo "1500"]
[BlackElo "1267"]

1. e4 e5 2. Nf3 f6 3. Bc4 d6 4. Nc3 Nc6 5. Bxg8 Rxg8 6. d3 Bg4 7. Nd5 Qd7 8. h3
Bxf3 9. Qxf3 Nd4 10. Qh5+ g6 11. Qf3 Nxf3+ 12. gxf3 Bg7 13. Be3 c6 14. Nb4 c5
15. Nd5 Rb8 16. Bh6 Kf7 17. Bd2 Qa4 18. O-O Qxc2 19. Ba5 Qxd3 20. Kg2 b6 21. Bc3
Bh6 22. Rad1 Qc2 23. Nb4 cxb4 24. Bxb4 Rgd8 25. Ba3 Ke6 26. Rc1 Bxc1 27. Kg3
Bf4+ 28. Kg2 d5 29. exd5+ Rxd5 30. h4 g5 31. b3 Qxa2 32. Bc1 Rc8 33. b4 Bxc1 34.
Kg3 Bf4+ 35. Kg4 Qa4 36. Kh5 Qe8+ 37. Kg4 Rc4 38. b5 Kd6 39. h5 Qe6# 0-1

[Event "Challenge"]
[Site "http://www.queenalice.com/game.php?id=277510"]
[Date "2007.9.26"]
[Round "-"]
[White "cirolo"]
[Black "VANITA"]
[Result "1-0"]
[WhiteElo "1326"]
[BlackElo "1281"]

1. e4 e5 2. Bc4 g6 3. Qf3 Nh6 4. d4 exd4 5. Bxh6 Qe7 6. Bg5 f6 7. Bxf6 Qb4+ 8.
Nd2 Qxb2 9. Rb1 Qxc2 10. Bxh8 Nc6 11. Qf7+ Kd8 12. Qxf8# 1-0

[Event "Desafio..."]
[Site "http://www.queenalice.com/game.php?id=362198"]
[Date "2008.2.27"]
[Round "-"]
[White "PAESLEME"]
[Black "VANITA"]
[Result "1-0"]
[WhiteElo "1340"]
[BlackElo "1292"]

1. d4 e6 2. c4 Bb4+ 3. Nc3 Nh6 4. Bxh6 gxh6 5. e4 c5 6. d5 f5 7. Qh5+ Kf8 8. d6
Qa5 9. Qxh6+ Kg8 10. Qg5+ Kf8 11. Ne2 Bxc3+ 12. Nxc3 Nc6 13. Be2 Nb4 14. Qe7+
Kg8 15. Bh5 Nd3+ 16. Kf1 Nf4 17. Qf7# 1-0

[Event "Challenge"]
[Site "http://www.queenalice.com/game.php?id=376314"]
[Date "2008.3.24"]
[Round "-"]
[White "faver_154"]
[Black "VANITA"]
[Result "1-0"]
[WhiteElo "1639"]
[BlackElo "1292"]

1. d4 d5 2. Nf3 f6 3. Bf4 g5 4. Bg3 Na6 5. Nc3 e6 6. e4 c6 7. Be2 Nh6 8. exd5
cxd5 9. O-O Bd6 10. Nb5 Nf7 11. Nxd6+ Nxd6 12. b3 g4 13. Nd2 Ne4 14. Nxe4 dxe4
15. Bxg4 h5 16. Bxh5+ Ke7 17. Qg4 Rg8 18. Qxe4 Nb4 19. Qh7+ Kf8 20. Qf7# 1-0